| 000 | 00495 a2200157 4500 | ||
|---|---|---|---|
| 001 | 73667 | ||
| 082 | _a621.43021 KEE | ||
| 090 |
_c38972 _d38972 |
||
| 100 | _aKeenan,Joseph | ||
| 245 |
_aGas Tables Thermodynamics properties of Air Products of Combustion and component Gases compressible Flow Function(BTU) _bGas Tables |
||
| 250 | _a1 st | ||
| 260 |
_aNew york _bJohn wiley & sons |
||
| 300 |
_a280 p _bPhotocopy |
||
| 500 | _aBE Text Book Aerospace | ||
| 520 | _aBE Text Book Aerospace | ||
| 942 |
_acaenust _k621.43021 KEE |
||
| 999 |
_c308740 _d308740 |
||